Deutsche Landkreise und kreisfreie Städte nach Buchstabe - U - Statistiken

Allgemein
  • Dieses Quiz wurde 153 mal gespielt
  • Das Durchschnittsergebnis liegt bei 5 aus 6
Antwortstatistiken
Bundesland Kreis % Korrekt
Baden-Württemberg Ulm
97%
Nordrhein-Westfalen Unna
94%
Niedersachsen Uelzen
80%
Brandenburg Uckermark
76%
Thüringen Unstrut-Hainich-Kreis
75%
Bayern Unterallgäu
75%
Keine übereinstimmenden Quizze gefunden
Verteilung der Resultate
Anzahl Personen mit jedem Resultat
Perzentil nach korrekt beantworteten Fragen
Ihre Resultats-Entwicklung
Sie haben dieses Quiz noch nicht gespielt